[Event "World Amateur-ch"]
[Site "Iasi"]
[Date "2013.04.23"]
[Round "2"]
[White "Nagy, Laszlo"]
[Black "Toculet, Gheorghe Cristache"]
[Result "1-0"]
[WhiteElo "1964"]
[BlackElo "1835"]
[PlyCount "58"]
[EventDate "2013.04.22"]
[EventType "swiss"]
[EventRounds "9"]
[EventCountry "ROU"]
[SourceTitle "CBM 154 Extra"]
[Source "ChessBase"]
[SourceDate "2013.06.25"]
[SourceVersion "2"]
[SourceVersionDate "2013.06.25"]
[SourceQuality "1"]

1. d4 Nf6 2. c4 e6 3. Nf3 b6 4. g3 Bb7 5. Bg2 c5 6. 0-0 cxd4 7. Qxd4 Bc5 8. Qf4 d6 9. a3 a5 10. Nc3 0-0 11. b3 Nbd7 12. Bb2 e5 13. Qd2 e4 14. Nd4 Bxd4 15. Qxd4 Nc5 16. Rad1 Nxb3 17. Qxd6 Rc8 18. Bh3 Qxd6 19. Rxd6 Rc6 20. Rfd1 Rxc4 21. Rxb6 Nc5 22. e3 Bc8 23. Bf1 Na4 24. Nxa4 Rxa4 25. Bb5 Bd7 26. Bxd7 Nxd7 27. Rxd7 Rc4 28. Rd4 Rxd4 29. Bxd4 Ra8 1-0

[Event "ROM-ch op"]
[Site "Sarata Monteoru"]
[Date "2011.02.20"]
[Round "11"]
[White "Toculet, Gheorghe Cristache"]
[Black "Anuta, Laurentiu"]
[Result "0-1"]
[WhiteElo "1856"]
[BlackElo "2034"]
[PlyCount "157"]
[EventDate "2011.02.12"]
[EventType "swiss"]
[EventRounds "11"]
[EventCountry "ROU"]
[SourceTitle "CBM 140 Extra"]
[Source "ChessBase"]
[SourceDate "2011.03.01"]
[SourceVersion "1"]
[SourceVersionDate "2011.03.01"]
[SourceQuality "1"]

1. e4 d6 2. d4 Nf6 3. Nc3 g6 4. f4 Bg7 5. Nf3 c6 6. Be3 b5 7. Bd3 0-0 8. h3 b4 9. Ne2 d5 10. e5 Ne8 11. 0-0 e6 12. Qe1 a5 13. g4 f5 14. g5 Ba6 15. h4 Rf7 16. h5 Rc7 17. hxg6 hxg6 18. Kg2 Bxd3 19. cxd3 Nd7 20. Rh1 Nf8 21. Rh3 Qc8 22. Qd2 Qa6 23. Rah1 Rd8 24. Qd1 Qb5 25. Nc1 a4 26. R1h2 Kf7 27. Kg3 Rdd7 28. Rc2 Rd8 29. Qe1 b3 30. axb3 axb3 31. Rc5 Qb7 32. Rc3 Qb4 33. Bd2 Qa4 34. Rxb3 c5 35. Ba5 Rdc8 36. Bxc7 Rxc7 37. dxc5 Rxc5 38. Rc3 Rb5 39. Rh2 Qa8 40. Nd4 Rb6 41. Ra3 Qb8 42. Rb3 Nd7 43. Rxb6 Qxb6 44. Ncb3 Nc5 45. Nxc5 Qxc5 46. Qc3 Qb6 47. Rc2 Bf8 48. Kf3 Bb4 49. Qc6 Qxd4 50. Qd7+ Be7 51. Rc8 Qxd3+ 52. Kf2 Qd4+ 53. Ke1 Qe4+ 54. Kd1 Qb1+ 55. Kd2 Qxb2+ 56. Kd1 Qb3+ 57. Ke2 Ng7 58. Rc7 Qb4 59. Rb7 Qe4+ 60. Kd1 Qd3+ 61. Ke1 Qa3 62. Ra7 Qb4+ 63. Ke2 Nh5 64. Ra8 Nxf4+ 65. Kd1 Qb1+ 66. Kd2 Qd3+ 67. Kc1 Ne2+ 68. Kb2 Qc3+ 69. Ka2 Qc2+ 70. Ka1 Qd1+ 71. Kb2 Qd2+ 72. Ka1 Qd4+ 73. Kb1 Nc3+ 74. Kc2 Qd1+ 75. Kb2 Qe2+ 76. Kxc3 d4+ 77. Qxd4 Qf3+ 78. Qd3 Qxa8 79. Qe3 0-1

[Event "ROM-ch op"]
[Site "Sarata Monteoru"]
[Date "2011.02.17"]
[Round "8"]
[White "Toculet, Gheorghe Cristache"]
[Black "Dragomirescu, Calin"]
[Result "0-1"]
[WhiteElo "1856"]
[BlackElo "2233"]
[PlyCount "104"]
[EventDate "2011.02.12"]
[EventType "swiss"]
[EventRounds "11"]
[EventCountry "ROU"]
[SourceTitle "EXT 2013"]
[Source "ChessBase"]
[SourceDate "2012.11.22"]
[SourceVersion "1"]
[SourceVersionDate "2012.11.22"]
[SourceQuality "1"]

1. e4 c5 2. Nc3 Nc6 3. g4 e6 4. d3 a6 5. h4 b5 6. Bf4 b4 7. Nce2 d5 8. Bg2 Nge7 9. Bg3 Bb7 10. f4 dxe4 11. dxe4 g6 12. Qxd8+ Rxd8 13. Nf3 Bg7 14. Rb1 Na5 15. Nd2 0-0 16. Bf2 Rc8 17. 0-0 f5 18. g5 Rfd8 19. Rfd1 Ba8 20. exf5 Bxg2 21. Kxg2 exf5 22. b3 Nb7 23. Nc4 Nd5 24. Rd3 Re8 25. Kf3 Rxe2 26. Kxe2 Nxf4+ 27. Kf3 Nxd3 28. cxd3 Rd8 29. Rd1 Bd4 30. Bg3 Re8 31. Re1 Rxe1 32. Bxe1 Kf7 33. a3 bxa3 34. Nxa3 Nd6 35. Nc2 Ke6 36. b4 Nb5 37. bxc5 Bxc5 38. Kf4 Nd4 39. Nxd4+ Bxd4 40. Kf3 Bb6 41. Bc3 a5 42. d4 Kd5 43. Kf4 a4 44. h5 a3 45. hxg6 hxg6 46. Ke3 a2 47. Kd3 f4 48. Kc2 Bxd4 49. Bd2 a1Q 50. Bxf4 Qc3+ 51. Kd1 Qf3+ 52. Kc2 Qxf4 0-1